|
|
|
|
| LEADER |
02008nam a2200433 a 4500 |
| 001 |
EBC717471 |
| 003 |
MiAaPQ |
| 005 |
20200520144314.0 |
| 006 |
m o d | |
| 007 |
cr cn||||||||| |
| 008 |
100917s2011 mau sb 001 0 eng d |
| 010 |
|
|
|z 2010039518
|
| 020 |
|
|
|z 9789004188785 (hardback : alk. paper)
|
| 020 |
|
|
|a 9789004188792 (electronic bk.)
|
| 035 |
|
|
|a (MiAaPQ)EBC717471
|
| 035 |
|
|
|a (Au-PeEL)EBL717471
|
| 035 |
|
|
|a (CaPaEBR)ebr10470652
|
| 035 |
|
|
|a (CaONFJC)MIL311993
|
| 035 |
|
|
|a (OCoLC)727944983
|
| 040 |
|
|
|a MiAaPQ
|c MiAaPQ
|d MiAaPQ
|
| 050 |
|
4 |
|a K579.L5
|b B368 2011
|
| 082 |
0 |
4 |
|a 344.04/6
|2 22
|
| 100 |
1 |
|
|a Barboza, Julio.
|
| 245 |
1 |
4 |
|a The environment, risk and liability in international law
|h [electronic resource] /
|c by Julio Barboza.
|
| 260 |
|
|
|a Leiden [Netherlands] ;
|a Boston :
|b Martinus Nijhoff Publishers,
|c 2011.
|
| 300 |
|
|
|a xxv, 204 p.
|
| 490 |
1 |
|
|a Legal aspects of sustainable development,
|x 1875-0923 ;
|v v. 10
|
| 504 |
|
|
|a Includes bibliographical references and index.
|
| 505 |
0 |
|
|a Risk and harm, prevention and liability -- Responsibility and liability in international law -- Conventional law -- Other aspects of international practice -- The development of the subject at the International Law Commission -- The development in the International Law Commission : consideration of the topic since 1997.
|
| 533 |
|
|
|a Electronic reproduction. Ann Arbor, MI : ProQuest, 2015. Available via World Wide Web. Access may be limited to ProQuest affiliated libraries.
|
| 650 |
|
0 |
|a Liability (Law)
|
| 650 |
|
0 |
|a Government liability (International law)
|
| 650 |
|
0 |
|a Liability for environmental damages.
|
| 650 |
|
0 |
|a Environmental law, International.
|
| 650 |
|
0 |
|a Transboundary pollution
|x Law and legislation.
|
| 655 |
|
4 |
|a Electronic books.
|
| 710 |
2 |
|
|a ProQuest (Firm)
|
| 830 |
|
0 |
|a Legal aspects of sustainable development ;
|v v. 10.
|
| 856 |
4 |
0 |
|u https://ebookcentral.proquest.com/lib/matrademy/detail.action?docID=717471
|z Click to View
|